00802cam a2200253 a 450000100090000000300050000900500170001400800410003101000170007202000250008903800100011404000180012404100130014205000230015508200170017813000280019524501360022325000120035926000500037130000270042170000570044870000190050570000240052416067175NUST20190427102357.0100125s2010 ja 000 1 eng  a 2010001697 a9780804840958 (pbk.) aAZHAR aDLCcDLCdDLC1 aenghchi00aPL2694.S5bE5 201000a895.1/342220 aShui hu zhuan.lEnglish14aThe water margin :boutlaws of the marsh /cwritten by Shi Naian ; translated by J. H. Jackson ; with a new foreword by Edwin Lowe. a1st ed. aTokyo ;aRutland, Vt. :bTuttle Pub.,cc2010. axlix, 798 p. ;c21 cm.1 aShi, Nai'an,dapproximately 1290-approximately 1365.1 aJackson, J. H.1 aLowe, Edwin,d1972-